Global Environment Facility (Record no. 6842)
[ view plain ]
| 000 -LEADER | |
|---|---|
| fixed length control field | 00477nam a22001337a 4500 |
| 008 - FIXED-LENGTH DATA ELEMENTS--GENERAL INFORMATION | |
| fixed length control field | 200331b ||||| |||| 00| 0 eng d |
| 020 ## - INTERNATIONAL STANDARD BOOK NUMBER | |
| International Standard Book Number | 1-884122-12-4 |
| 100 ## - MAIN ENTRY--PERSONAL NAME | |
| Personal name | RODENBURG,Eric |
| 245 ## - TITLE STATEMENT | |
| Title | Global Environment Facility |
| Remainder of title | Environmental Indicators for Global Cooperation |
| Statement of responsibility, etc. | Eric Rodenburg, Dan Tunstall and Frederik Van Bolhuis |
| Medium | English |
| 260 ## - PUBLICATION, DISTRIBUTION, ETC. (IMPRINT) | |
| Place of publication, distribution, etc. | Dar Es Salaam |
| Name of publisher, distributor, etc. | The World Bank |
| Date of publication, distribution, etc. | 1995 |
| 300 ## - PHYSICAL DESCRIPTION | |
| Extent | vi,36p. |
| Dimensions | 26cm |
| 650 ## - SUBJECT ADDED ENTRY--TOPICAL TERM | |
| Source of heading or term | Global Environment Facility |
| 942 ## - ADDED ENTRY ELEMENTS (KOHA) | |
| Source of classification or shelving scheme | Dewey Decimal Classification |
| Koha item type | BOOKS |
| Withdrawn status | Lost status | Source of classification or shelving scheme | Damaged status | Not for loan | Home library | Current library | Date acquired | Total Checkouts | Barcode | Date last seen | Price effective from | Koha item type |
|---|---|---|---|---|---|---|---|---|---|---|---|---|
| Dewey Decimal Classification | Mwanza | Mwanza | 31/03/2020 | 10000001584 | 31/03/2020 | 31/03/2020 | BOOKS | |||||
| Dewey Decimal Classification | Mwanza | Mwanza | 31/03/2020 | 10000002353 | 31/03/2020 | 31/03/2020 | BOOKS | |||||
| Dewey Decimal Classification | Mwanza | Mwanza | 31/03/2020 | 10000002354 | 31/03/2020 | 31/03/2020 | BOOKS |
